Jerusalén (Record no. 27161)

MARC details
000 -LEADER
campo de control de longitud fija 00656nam a2200217 i 4500
001 - NÚMERO DE CONTROL
campo de control 27161
003 - IDENTIFICADOR DE NÚMERO DE CONTROL
campo de control ES-MaACL
005 - FECHA Y HORA DE LA ÚLTIMA TRANSACCIÓN
campo de control 20250813063258.0
007 - CAMPO FIJO DE DESCRIPCIÓN FÍSICA--INFORMACIÓN GENERAL
campo de control de longitud fija t|
008 - DATOS DE LONGITUD FIJA--INFORMACIÓN GENERAL
campo de control de longitud fija 030113s1986 sp ||||1| spa d
020 ## - NÚMERO INTERNACIONAL ESTÁNDAR DEL LIBRO
Número Internacional Estándar del Libro 84-01-38081-2
100 0# - ENTRADA PRINCIPAL--NOMBRE DE PERSONA
Nombre de persona Azancot, Leopoldo,
Fechas asociadas al nombre 1935-
9 (RLIN) 24221
245 10 - MENCIÓN DEL TÍTULO
Título Jerusalén
Resto del título : una historia de amor /
Mención de responsabilidad, etc. Leopoldo Azancot.
250 ## - MENCION DE EDICION
Mención de edición 1ª ed.
260 ## - PUBLICACIÓN, DISTRIBUCIÓN, ETC.
Lugar de publicación, distribución, etc. Esplugues de Llobregat (Barcelona) :
Nombre del editor, distribuidor, etc. Plaza & Janés,
Fecha de publicación, distribución, etc. 1986.
300 ## - DESCRIPCIÓN FÍSICA
Extensión 267 p. ;
Dimensiones 22 cm.
490 1# - MENCIÓN DE SERIE
Mención de serie Plaza & Janés literaria
830 0# - PUNTO DE ACCESO ADICIONAL DE SERIE-TÍTULO UNIFORME
Título uniforme Plaza & Janés literaria
9 (RLIN) 177814
852 ## - LOCALIZACIÓN
Ubicación ES-MaACL
Número de control de estantería L-11038
Sublocalización o colección R.112407
Holdings
Estatus retirado Estado de pérdida Estado de daño No para préstamo Biblioteca de origen Biblioteca actual Ubicación en estantería Fecha de adquisición Fuente de adquisición Total de préstamos Signatura topográfica completa Código de barras Visto por última vez Precio de reemplazo Tipo de ítem Koha
        Biblioteca del Ateneo de Madrid Biblioteca del Ateneo de Madrid Depósito 2 17/01/2008     L-11038 1028033 23/02/2023 23/02/2023 Libro impreso